| 000 | 00864nam a22002531u 4500 | ||
|---|---|---|---|
| 001 | 22524 | ||
| 003 | BD-RjUL | ||
| 005 | 20211209000822.0 | ||
| 008 | 140308s1953 ii b 00100 eng d | ||
| 035 | _a(BD-RjUL)22589 | ||
| 040 |
_aANL _beng _cANL _dBD-RjUL |
||
| 041 | _aeng | ||
| 082 | 0 | 4 |
_a954.025 _bRAB 1953 |
| 100 | 1 |
_aRaychaudhuri, Tapankumar. _969553 |
|
| 245 | 1 | 0 |
_aBengal under Akbar and Jahangir : _ban introductory study in social history / _cTapankumar Raychaudhuri. |
| 260 |
_aCalcutta : _bMukherjee, _c1953. |
||
| 300 |
_aviii, 246 p. ; _c23 cm. |
||
| 504 | _aIncludes bibliographical references and index. | ||
| 651 | 0 |
_aMogul Empire _xKings and rulers. _962386 |
|
| 651 | 0 |
_aBengal (India) _xHistory. _969554 |
|
| 651 | 0 |
_aBengal (India) _xSocial life and customs. _928393 |
|
| 651 | 0 |
_aBengal (India) _xSocial conditions. _969555 |
|
| 942 |
_2ddc _cBK |
||
| 999 |
_c22524 _d22524 |
||